00527nam a2200169 a 4500001001300000003000900013005001700022008004100039020000900080082001500089245008000104260005800184300000900242500003500251650003100286710004000317nice12345678IN_TiNIC20260116012227.0070716s1979 wasa grp 000 0 eng  ac2000a261.8bNAT aProceedings of the Second National Conference on the Church & Social Action aWashington bNational Church and Social Action c1979 a145p aincludes index and biblioraphy aChurch and Social Problems2 aNanational Church and Social Action